000 00993nam a22003137a 4500
001 BR0805369
003 BR-BrBNA
005 20230928102713.0
007 ta
008 230509b bl.||||| |||| 00| 0 por d
040 _aBR-BrBNA
_bpor
_cBiblioteca Nacional de Agricultura
041 _a(Por)
072 _aL73
_b5100
_b4110
090 _ 5100 BR0805369
100 1 _aChiareli, D.
110 1 _aUniversidade Federal de Minas Gerais, Belo Horizonte (Brasil). Escola de Veterinária
_0Tese (Mestre em Medicna Veterinária)
245 1 _aFrequência de aglutininas anti-Leptospira interrogans em equídeos em Minas Gerais, 2003/04
260 3 _aBelo Horizonte, MG (Brasil):
_c2007.
300 _a40 p.
500 _aSummaries (Eng, Por); 27 ref.13 illus.; 15 tables
650 _aEQÜINO
650 _aDOENÇA ANIMAL
650 _aAGLUTININA
650 _aLEPTOSPIROSE
650 _aBACTÉRIA
650 _aMINAS GERAIS
909 _a202309
_bLucia
_c55
_dLucia Elande
942 _cBK
999 _c72115
_d72115